[Event "T-Director's Swiss sytem"]
[Site "playchess.com #662980"]
[Date "2014.03.16"]
[Round "8"]
[White "vachefolle"]
[Black "Marcelciubotariu"]
[Result "0-1"]
[WhiteElo "1608"]
[BlackElo "1680"]
[PlyCount "52"]
[EventDate "2014.03.16"]
[EventType "swiss (blitz)"]

1. d4 {[%emt 0:00:03]} d5 {[%emt 0:00:02]} 2. Nf3 {[%emt 0:00:03]} Nf6 {[%emt
0:00:02]} 3. Bf4 {[%emt 0:00:02]} Bf5 {[%emt 0:00:05]} 4. e3 {[%emt 0:00:02]}
e6 {[%emt 0:00:01]} 5. Ne5 {[%emt 0:00:01]} Bd6 {[%emt 0:00:03]} 6. Bd3 {[%emt
0:00:07]} Bxd3 {[%emt 0:00:02]} 7. Qxd3 {[%emt 0:00:04]} O-O {[%emt 0:00:03]}
8. Nd2 {[%emt 0:00:02]} c5 {[%emt 0:00:01]} 9. c3 {[%emt 0:00:03]} cxd4 {[%emt
0:00:03]} 10. exd4 {[%emt 0:00:02]} Nbd7 {[%emt 0:00:03]} 11. Qf3 {[%emt 0:00:
12]} b5 {[%emt 0:00:04]} 12. O-O {[%emt 0:00:02]} Nb6 {[%emt 0:00:15]} 13. g4 {
[%emt 0:00:09]} b4 {[%emt 0:00:05]} 14. g5 {[%emt 0:00:22]} Nfd7 {[%emt 0:00:
04]} 15. Qh5 {[%emt 0:00:30]} Bxe5 {[%emt 0:00:06]} 16. dxe5 {[%emt 0:00:07]}
bxc3 {[%emt 0:00:02]} 17. bxc3 {[%emt 0:00:02]} Rc8 {[%emt 0:00:02]} 18. Nf3 {
[%emt 0:00:29]} Rxc3 {[%emt 0:00:19]} 19. Nd4 {[%emt 0:00:15]} Nc4 {[%emt 0:00:
05]} 20. Nc6 {[%emt 0:00:19]} Qe8 {[%emt 0:00:13]} 21. Rac1 {[%emt 0:00:03]}
Rxc1 {[%emt 0:00:08]} 22. Rxc1 {[%emt 0:00:02]} Nc5 {[%emt 0:00:10]} 23. Nxa7 {
[%emt 0:00:53]} Qa4 {[%emt 0:00:07]} 24. Be3 {[%emt 0:00:50]} Nxe3 {[%emt 0:00:
11]} 25. fxe3 {[%emt 0:00:32]} Qxa7 {[%emt 0:00:07]} 26. Qe2 {[%emt 0:00:03]}
Ne4 {[%emt 0:00:02] vachefolle abandonne} 0-1

[Event "T-Director's Swiss sytem"]
[Site "playchess.com #662980"]
[Date "2014.03.16"]
[Round "5"]
[White "vachefolle"]
[Black "TheAngryTiger"]
[Result "1-0"]
[WhiteElo "1513"]
[BlackElo "1649"]
[PlyCount "81"]
[EventDate "2014.03.16"]
[EventType "swiss (blitz)"]

1. d4 {[%emt 0:00:03]} Nf6 {[%emt 0:00:01]} 2. Nf3 {[%emt 0:00:01]} g6 {[%emt
0:00:02]} 3. Bf4 {[%emt 0:00:01]} Bg7 {[%emt 0:00:01]} 4. e3 {[%emt 0:00:01]}
O-O {[%emt 0:00:01]} 5. Bd3 {[%emt 0:00:01]} d6 {[%emt 0:00:01]} 6. Nbd2 {
[%emt 0:00:01]} Nbd7 {[%emt 0:00:01]} 7. h3 {[%emt 0:00:01]} c5 {[%emt 0:00:01]
} 8. c3 {[%emt 0:00:02]} cxd4 {[%emt 0:00:01]} 9. exd4 {[%emt 0:00:02]} a6 {
[%emt 0:00:18]} 10. Bc2 {[%emt 0:00:08]} Nd5 {[%emt 0:00:24]} 11. Bh2 {[%emt 0:
00:06]} b5 {[%emt 0:00:11]} 12. O-O {[%emt 0:00:02]} Bb7 {[%emt 0:00:02]} 13.
Re1 {[%emt 0:00:01]} Rc8 {[%emt 0:00:22]} 14. Ne4 {[%emt 0:00:25]} N7f6 {[%emt
0:00:10]} 15. Nfg5 {[%emt 0:00:12]} Nxe4 {[%emt 0:00:23]} 16. Nxe4 {[%emt 0:00:
02]} b4 {[%emt 0:00:10]} 17. c4 {[%emt 0:00:04]} Rxc4 {[%emt 0:00:05]} 18. Bb3
{[%emt 0:00:43]} Rxd4 {[%emt 0:00:13]} 19. Qe2 {[%emt 0:00:04]} Nf4 {[%emt 0:
00:21]} 20. Bxf4 {[%emt 0:00:30]} Rxe4 {[%emt 0:00:01]} 21. Qg4 {[%emt 0:00:01]
} Rxe1+ {[%emt 0:01:02]} 22. Rxe1 {[%emt 0:00:04]} e5 {[%emt 0:00:05]} 23. Bg5
{[%emt 0:00:07]} Bf6 {[%emt 0:00:03]} 24. Bh6 {[%emt 0:00:02]} Bg7 {[%emt 0:00:
01]} 25. Bg5 {[%emt 0:00:02]} Qc8 {[%emt 0:00:14]} 26. Qh4 {[%emt 0:00:03]} Qc6
{[%emt 0:00:14]} 27. f3 {[%emt 0:00:02]} d5 {[%emt 0:00:19]} 28. Bh6 {[%emt 0:
00:07]} Bxh6 {[%emt 0:00:16]} 29. Qxh6 {[%emt 0:00:02]} e4 {[%emt 0:00:03]} 30.
fxe4 {[%emt 0:00:11]} dxe4 {[%emt 0:00:00]} 31. Qf4 {[%emt 0:00:14]} e3 {[%emt
0:00:05]} 32. Re2 {[%emt 0:00:02]} Qc1+ {[%emt 0:00:15]} 33. Kh2 {[%emt 0:00:
02]} a5 {[%emt 0:00:13]} 34. Qxe3 {[%emt 0:00:50] .} Qc6 {[%emt 0:00:05]} 35.
Qe7 {[%emt 0:00:05]} a4 {[%emt 0:00:04]} 36. Bd1 {[%emt 0:00:30]} Qd5 {[%emt 0:
00:03]} 37. Bc2 {[%emt 0:00:05]} b3 {[%emt 0:00:03]} 38. axb3 {[%emt 0:00:02]}
axb3 {[%emt 0:00:00]} 39. Be4 {[%emt 0:00:01]} Qh5 {[%emt 0:00:25] '} 40. Bxb7
{[%emt 0:00:09]} Qh4 {[%emt 0:00:05]} 41. Qxh4 {[%emt 0:00:04] TheAngryTiger
abandonne} 1-0

[Event "T-Director's Swiss sytem"]
[Site "playchess.com #662980"]
[Date "2014.03.16"]
[Round "1"]
[White "Øàôîðîñòîâ"]
[Black "Noelfumey"]
[Result "1-0"]
[WhiteElo "2097"]
[BlackElo "1488"]
[PlyCount "117"]
[EventDate "2014.03.16"]
[EventType "swiss (blitz)"]

1. Nc3 {[%emt 0:00:17]} d5 {[%emt 0:00:07]} 2. e4 {[%emt 0:00:11]} dxe4 {[%emt
0:00:02]} 3. Nxe4 {[%emt 0:00:01]} Bf5 {[%emt 0:00:00]} 4. Ng3 {[%emt 0:00:02]}
Bg6 {[%emt 0:00:01]} 5. d4 {[%emt 0:00:00]} e6 {[%emt 0:00:05]} 6. Nf3 {[%emt
0:00:05]} Nd7 {[%emt 0:00:04]} 7. c3 {[%emt 0:00:02]} Be7 {[%emt 0:00:01]} 8.
Bc4 {[%emt 0:00:02]} Ngf6 {[%emt 0:00:01]} 9. O-O {[%emt 0:00:04]} O-O {[%emt
0:00:02]} 10. Re1 {[%emt 0:00:03]} h6 {[%emt 0:00:01]} 11. Qe2 {[%emt 0:00:04]}
a6 {[%emt 0:00:05]} 12. a4 {[%emt 0:00:02]} Nb6 {[%emt 0:00:04]} 13. Bb3 {
[%emt 0:00:05]} Nbd5 {[%emt 0:00:03]} 14. Ne5 {[%emt 0:00:03]} c6 {[%emt 0:00:
07]} 15. Nxg6 {[%emt 0:00:02]} fxg6 {[%emt 0:00:06]} 16. Qxe6+ {[%emt 0:00:03]}
Kh7 {[%emt 0:00:01]} 17. Bc2 {[%emt 0:00:12]} Qc7 {[%emt 0:00:10]} 18. c4 {
[%emt 0:00:49]} Nb4 {[%emt 0:01:44]} 19. Bxg6+ {[%emt 0:00:14]} Kxg6 {[%emt 0:
00:06]} 20. Qxe7 {[%emt 0:00:03]} Qxe7 {[%emt 0:00:03]} 21. Rxe7 {[%emt 0:00:
00]} Nc2 {[%emt 0:00:01]} 22. Rb1 {[%emt 0:00:09]} Rfe8 {[%emt 0:00:04]} 23.
Rxe8 {[%emt 0:00:14]} Rxe8 {[%emt 0:00:04]} 24. Bd2 {[%emt 0:00:20]} Nxd4 {
[%emt 0:00:05]} 25. Kf1 {[%emt 0:00:18]} Nb3 {[%emt 0:00:04]} 26. Bc3 {[%emt 0:
00:08]} Ng4 {[%emt 0:00:08]} 27. h3 {[%emt 0:00:06]} Nf6 {[%emt 0:00:10]} 28.
Rd1 {[%emt 0:00:13]} Re7 {[%emt 0:00:23]} 29. a5 {[%emt 0:00:30]} Nc5 {[%emt 0:
00:17]} 30. Bb4 {[%emt 0:00:08]} Nfd7 {[%emt 0:00:10]} 31. Rxd7 {[%emt 0:00:11]
} Rxd7 {[%emt 0:00:10]} 32. Bxc5 {[%emt 0:00:01]} Rd1+ {[%emt 0:00:03]} 33. Ke2
{[%emt 0:00:02]} Rc1 {[%emt 0:00:02]} 34. Bd4 {[%emt 0:00:21]} Rxc4 {[%emt 0:
00:03]} 35. Bc3 {[%emt 0:00:01]} Ra4 {[%emt 0:00:08]} 36. Kd3 {[%emt 0:00:08]}
Ra1 {[%emt 0:00:03]} 37. Ne2 {[%emt 0:00:09]} Kf7 {[%emt 0:00:15]} 38. h4 {
[%emt 0:00:05]} Rh1 {[%emt 0:00:05]} 39. g3 {[%emt 0:00:01]} Rh2 {[%emt 0:00:
02]} 40. Ke3 {[%emt 0:00:04]} Rh1 {[%emt 0:00:05]} 41. Nf4 {[%emt 0:00:08]} Rd1
{[%emt 0:00:20]} 42. Nd3 {[%emt 0:00:03]} Rh1 {[%emt 0:00:03]} 43. Nc5 {[%emt
0:00:05]} Ke7 {[%emt 0:00:06]} 44. Nxb7 {[%emt 0:00:02]} g6 {[%emt 0:00:01]}
45. Nc5 {[%emt 0:00:02]} h5 {[%emt 0:00:05]} 46. Nxa6 {[%emt 0:00:01]} Kd7 {
[%emt 0:00:02]} 47. Nc5+ {[%emt 0:00:02]} Kc7 {[%emt 0:00:01]} 48. Ne6+ {[%emt
0:00:01]} Kb7 {[%emt 0:00:09]} 49. Nf4 {[%emt 0:00:02]} g5 {[%emt 0:00:02]} 50.
hxg5 {[%emt 0:00:01]} Rd1 {[%emt 0:00:04]} 51. g6 {[%emt 0:00:01]} Rd8 {[%emt
0:00:01]} 52. g7 {[%emt 0:00:01]} Rg8 {[%emt 0:00:02]} 53. Nxh5 {[%emt 0:00:02]
} c5 {[%emt 0:00:05]} 54. Nf4 {[%emt 0:00:03]} Kc6 {[%emt 0:00:01]} 55. Ng6 {
[%emt 0:00:01]} Kd6 {[%emt 0:00:03]} 56. Bf6 {[%emt 0:00:03]} Ke6 {[%emt 0:00:
05]} 57. Ne7 {[%emt 0:00:01]} Kxf6 {[%emt 0:00:03]} 58. Nxg8+ {[%emt 0:00:01]}
Kxg7 {[%emt 0:00:01]} 59. Kd3 {[%emt 0:00:00] Noelfumey abandonne} 1-0